| 000 | 01245nam a22002897a 4500 | ||
|---|---|---|---|
| 003 | OSt | ||
| 005 | 20230608140324.0 | ||
| 007 | cr ||||||a|c|a | ||
| 008 | 230220s2020 mx ||||fom||| 001 0 spa d | ||
| 040 | _erda | ||
| 100 | 1 |
_9186049 _aRodríguez Santiago, Yesenia |
|
| 245 | 1 |
_aRentabilidad y uso del agua en el cultivo de sandía (Citrillus lanatus L.) irrigado por goteo en la laguna, México / _cpor Yesenia Rodríguez Santiago; director de tesis José Luis Ríos Flores |
|
| 264 | 1 |
_aChapingo, México : _bEl autor, _c2020. |
|
| 300 | _a1 recurso en línea (70 páginas). | ||
| 336 |
_2rdacontent _atexto _btxt |
||
| 337 |
_2rdamedia _acomputadora _bc |
||
| 338 |
_2rdacarrier _arecurso en línea _bcr |
||
| 502 |
_bISA _cURUZA _d2020 _gLIC |
||
| 504 | _aIncluye referencias bibliográficas: páginas 65-70 | ||
| 650 | 2 |
_9102079 _aSandía _xProducción |
|
| 650 | 2 |
_9102071 _aSandía _xIrrigación |
|
| 650 | 2 |
_92454 _aAgua subterranea _xAprovechamiento |
|
| 650 | 2 |
_9135182 _aAgua subterranea _xAspectos económicos |
|
| 700 | 0 |
_999197 _aRíos Flores, José Luis _eDirector de tesis |
|
| 856 |
_uhttp://10.13.5.2/tesis/tl/2020_ZA_Rodriguez_Santiago_Yesenia.pdf _zDESCARGAR PDF |
||
| 942 |
_2Clasificación Universidad Autónoma Chapingo _cTD |
||
| 999 |
_c218412 _d218412 |
||